| Tag |
First Indicator |
Second Indicator |
Subfields |
| LEADER |
00000cam a2200000 a 4500 |
| 001 |
in00000962016 |
| 005 |
20150926142229.0 |
| 007 |
hd afv|||baca |
| 007 |
hd bfv|||baaa |
| 008 |
880504s1651 miu a 00010 eng d |
| 035 |
|
|
|a (OCoLC)17891026
|
| 035 |
|
|
|9 AEU5450AM
|
| 037 |
|
|
|a CL0037000037
|b University Microfilms International
|
| 037 |
|
|
|b University Microfilms International, 300 N. Zeeb Rd., Ann Arbor, MI 48106
|
| 040 |
|
|
|a EAI
|c EAI
|d UtOrBLW
|
| 049 |
|
|
|a TXAI
|
| 090 |
|
|
|a PR2430
|b .S3 1651
|
| 099 |
|
|
|a film
|a B
|a 3609
|
| 100 |
1 |
|
|a Beaumont, Francis,
|d 1584-1616.
|
| 245 |
1 |
4 |
|a The scornefull lady :
|b a comedy : as it was acted (with great applause) by the late Kings Majesties servants at the Blacke-Fryers /
|c written by [brace] Francis Beaumont and John Fletcher ...
|
| 250 |
|
|
|a The sixt [sic] edition, corrected and amended.
|
| 264 |
|
3 |
|a London :
|b Printed for Humphrey Moseley, and are to be sold at his shop ...,
|c 1651.
|
| 300 |
|
|
|a 64 unnumbered pages
|
| 336 |
|
|
|a text
|b txt
|2 rdacontent
|
| 337 |
|
|
|a microform
|b h
|2 rdamedia
|
| 338 |
|
|
|a microfilm reel
|b hd
|2 rdacarrier
|
| 500 |
|
|
|a Imperfect : stained and print show-through.
|
| 500 |
|
|
|a Reproduction of original in the Huntington Library.
|
| 510 |
4 |
|
|a Wing
|c B1609
|
| 533 |
|
|
|a Microfilm.
|b Ann Arbor, Mich. :
|c University Microfilms International,
|d 1980.
|e 1 microfilm reel ; 35 mm.
|f (Early English books, 1641-1700 ; 1116:7)
|
| 500 |
|
|
|a Microform.
|
| 700 |
1 |
|
|a Fletcher, John,
|d 1579-1625.
|
| 830 |
|
0 |
|a Early English books, 1641-1700 ;
|v 1116:7.
|
| 999 |
|
|
|a MARS
|
| 999 |
f |
f |
|s a6195f92-5e66-350a-ada5-6f3c2b1cd9f1
|i 7761844d-3cf5-3c60-805b-53c8d92f315f
|t 0
|
| 952 |
f |
f |
|p default
|a Texas A&M University
|b College Station
|c Sterling C. Evans Library
|d Evans: Microforms (3rd floor)
|t 0
|e film B 3609 1116:7
|h Other scheme
|i microform -- microfilm reel
|
| 998 |
f |
f |
|a film B 3609 1116:7
|t 0
|l Evans: Microforms (3rd floor)
|